Statistics for 5-Letter History Chain #3

Click here to take the quiz!

General Stats

  • This quiz has been taken 12,674 times
  • The average score is 15 of 21

Answer Stats

Hint Answer % Correct
U.S. state once an independent countryTexas
95%
Month of the year when Caesar met his endMarch
90%
Singer whose pulsating pelvis titillated
audiences of the 1950s
Elvis
88%
Country formed by the union of
Castille and Aragon
Spain
88%
Person, such as a Mongolian or Bedouin,
who doesn't live in a fixed location
Nomad
86%
Term for a Soviet prison campGulag
82%
Homer's epic poem about the Trojan WarIliad
81%
Country founded after a successful
slave revolt
Haiti
81%
What Edmund Halley observed in 1682Comet
79%
Author who envisioned 9 circles of hellDante
78%
Musical genre popular in the 1970sDisco
75%
He wrote many fables including
"The Tortoise and the Hare"
Aesop
72%
With Clark and Sacagawea, he explored
the Louisiana Purchase
Lewis
68%
Inventor of dynamiteNobel
68%
Musical style popular in the big band eraSwing
66%
Marilyn Monroe's real first nameNorma
65%
Christian term for a person who practiced
polytheist religions
Pagan
64%
Open air gathering place in ancient Greece;
some people have a "phobia" of them
Agora
56%
Nerve gas employed in the 1995
Tokyo subway attack
Sarin
52%
Person employed to take care of horsesGroom
49%
Mesoamerican society that made
"colossal head" statues
Olmec
31%

Score Distribution

Percentile by Number Answered

Percent of People with Each Score

Your Score History

You have not taken this quiz